Online Catalogue and eLibrary

Subject Women: (Record no. 1681)

MARC details
000 -LEADER
fixed length control field 00542nam a2200205Ia 4500
005 - DATE AND TIME OF LATEST TRANSACTION
control field 20250130031431.0
008 - FIXED-LENGTH DATA ELEMENTS--GENERAL INFORMATION
fixed length control field 240331s9999 xx 000 0 und d
020 ## - INTERNATIONAL STANDARD BOOK NUMBER
ISBN 0394749049
082 ## - DDC Classification
Item Number - Author Mark OAK
DDC Edition Number 25
Class No. 305.4
100 ## - MAIN ENTRY--PERSONAL NAME
Personal name Oakley, A
245 #0 - TITLE STATEMENT
Title Subject Women:
Remainder of title Where Women Stand Today - Politically, Economically, Socially, Emotionally
260 ## - PUBLICATION, DISTRIBUTION, ETC.
Place of publication, distribution, etc. New York
Name of publisher, distributor, etc. Pantheon Books
Date of publication, distribution, etc. 1981
300 ## - PHYSICAL DESCRIPTION
Extent (e.g. Volumes, Pages etc.) x, 406 p.,
650 ## - SUBJECT ADDED ENTRY--TOPICAL TERM
Topical term or geographic name entry element Women
650 ## - SUBJECT ADDED ENTRY--TOPICAL TERM
Topical term or geographic name entry element Education
650 ## - SUBJECT ADDED ENTRY--TOPICAL TERM
Topical term or geographic name entry element Labour
650 ## - SUBJECT ADDED ENTRY--TOPICAL TERM
Topical term or geographic name entry element Gender
650 ## - SUBJECT ADDED ENTRY--TOPICAL TERM
Topical term or geographic name entry element Relationships
942 ## - Koha item type (Biblio)
Koha item type Books in Stacks (Lending)
Holdings
Lost status Damaged status Collection code Home library Current library Shelving location Date acquired Full call number Accession Number Item type
    Lending WERC Library WERC Library Social Science Cupboard 03/31/2024 305.4 OAK 25 Books in Stacks (Lending)

© WERC Library